| 000 | 00332nam a2200121Ia 4500 | ||
|---|---|---|---|
| 008 | 220217s9999||||xx |||||||||||||| ||und|| | ||
| 082 | _a005.133 SCH | ||
| 100 | _aSchildt, Herbert | ||
| 245 | 0 | _aC# 4.0 | |
| 260 |
_aTata mcgraw hill company Ltd _bNew Delhi _c2010 |
||
| 300 |
_aXXV, 949p. _b525 |
||
| 650 | _aPROGRAMMING LANGUAGE | ||
| 999 |
_c178970 _d178970 |
||